Swiss Football Logo Quiz - Statistics

General Stats
  • This quiz has been taken 39 times
  • The average score is 10 of 12
Answer Stats
Picture Answer % Correct
Young Boys
97%
FC Basel
91%
FC Sion
91%
FC Zurich
91%
Servette
91%
Winterthur
88%
FC Lugano
85%
FC Luzern
85%
St. Gallen
85%
Grasshoppers
73%
Yverdon
67%
Lausanne Sports
9%
No matching quizzes found
Score Distribution
Percent of People with Each Score
Percentile by Number Answered
Your Score History
You have not taken this quiz